01540nam a22003854a 4500001001200000003000800012006001900020007001500039008004100054010001700095020003100112020002800143040002100171035002100192041001300213043001200226050002800238082001200266100004600278240002400324245015100348260005900499300001900558490002800577504005100605533015200656600004600808650003800854655002900892700001900921710001700940830005400957856012601011999001701137ebr10271689CaPaEBRm u cr cn|||||||||061128s2007 enk sb 001 0deng  z 2006039681 z9780192832283 (alk. paper) z019283228X (alk. paper) aCaPaEBRcCaPaEBR a(OCoLC)2526828721 aenghger ae-gx---14aB3316.N54bA3413 2007eb04a1932221 aNietzsche, Friedrich Wilhelm,d1844-1900.10aEcce homo.lEnglish10aEcce homoh[electronic resource] :bhow to become what you are /cFriedrich Nietzsche ; translated with an introduction and notes by Duncan Large. aOxford ;aNew York :bOxford University Press,cc2007. axxxvii, 138 p.1 aOxford world's classics aIncludes bibliographical references and index. aElectronic reproduction.bPalo Alto, Calif. :cebrary,d2013.nAvailable via World Wide Web.nAccess may be limited to ebrary affiliated libraries.10aNietzsche, Friedrich Wilhelm,d1844-1900. 0aPhilosopherszGermanyvBiography. 7aElectronic books.2local1 aLarge, Duncan.2 aebrary, Inc. 0aOxford world's classics (Oxford University Press)40uhttp://site.ebrary.com/lib/rucke/Doc?id=10271689zAn electronic book accessible through the World Wide Web; click to view c22376d22376